Výcvikový program na rozvoj prosociálneho správania detí

Bibliographic Details
Main Authors: Reichelová, Eva (Author), Baranová, Eva (Author)
Format: Article
Language:Slovak
PhysicalDescription:Grafy 2, tab. 2, res. angl., nem., lit. 19 zázn. v angl.
Subjects:

MARC

LEADER 00000nab a2200000 a 4500
001 vtls000531449
003 SK-MaSNL
005 20260304234028.0
008 250425c1994 xo 0 slo
015 |a SNBRB19rr/mm-uuuuu 
035 |a CL0531587 
035 |a urn:nbn:sk:snk-ab2tu6 
035 |a (urnnbn)urn:nbn:sk:snk:ar-a02xld 
035 |a (uuid)6e32bd41-ab08-4af8-96b8-4211dd2022c4 
040 |a SNKBUCL  |b slo  |c SNKBUCL  |e AACR2 
041 0 |a slo 
044 |a xo  |c SK 
080 |a 159.923.2-053.2  |2 1981 
080 |a 159.922.7  |2 1981 
100 1 |a Reichelová, Eva  |4 aut  |9 6832 
245 1 0 |a Výcvikový program na rozvoj prosociálneho správania detí  |c Eva Reichelová, Eva Baranová 
300 |b Grafy 2, tab. 2, res. angl., nem., lit. 19 zázn. v angl. 
650 0 7 |a prosociálne správanie  |2 snkbucl  |9 49610 
650 0 7 |a deti  |2 snkbucl  |9 773 
655 7 |a články z novín a časopisov  |2 snkbucl  |9 267496 
700 1 |a Baranová, Eva  |4 aut  |9 7556 
773 0 |t Psychológia a patopsychológia dieťaťa  |g Roč. 29, č. 1 (1994), s. 41-50 
850 |a Slovenská národná knižnica 
852 |a Slovenská národná knižnica 
954 |a odborná, vedecká literatúra pôvodná (slovenská)  |2 lita 
958 |a article2022 
958 |a NB 
958 |a RK 
958 |a OND 
958 |a EUIPO 
992 |a RBX 
999 |c 3201636  |d 3203566